00289nam a2200097Ia 4500008004100000020001500041100002300056245005100079260004700130300001400177180219s9999 xx 000 0 und d a9719321202 aBersabe's, Ruel M. aFast track :bin passing the nurses board exam aQuezon City :bBaguio City publisherc2006 a221 pages